[Event "4th IECC"]
[Site "Istanbul TUR"]
[Date "2003.06.05"]
[Round "6"]
[White "Zelcic,R"]
[Black "Istratescu,A"]
[Result "1-0"]
[WhiteElo "2540"]
[BlackElo "2593"]

1.e4 c5 2.Nf3 e6 3.d4 cxd4 4.Nxd4 a6 5.Nc3 b5 6.Bd3 Qb6 7.Nf3 Qc7 8.O-O Bb7
9.e5 Nc6 10.Bf4 Nge7 11.Bg3 b4 12.Nb1 Ng6 13.Re1 Rd8 14.Qe2 Bc5 15.Nbd2 Nd4
16.Nxd4 Bxd4 17.Nc4 O-O 18.Rad1 Qc5 19.Nd6 Ba8 20.h4 f6 21.exf6 Rxf6 22.Ne4 Bxe4
23.Bxe4 Rdf8 24.Bf3 e5 25.Rd3 Bxb2 26.Rxd7 Bd4 27.Qe4 Nf4 28.Rd1 Kh8 29.Rd2 Bc3
30.Rd1 Bd4 31.Qb7 Qxc2 32.Rxg7 Ne6 33.Rxd4 exd4 34.Re7 Nd8 35.Qd7 Nf7 36.Qxd4 Qc3
37.Qe4 Rg6 38.Rxf7 Qc1+ 39.Kh2 Rxf7 40.Qe8+ Kg7 41.Be5+ Rgf6 42.Bd5 Rf8 43.Bxf6+ Rxf6
44.Qe7+ Kg6 45.Be4+  1-0

[Event "5th ZNG111 GM"]
[Site "Opatija CRO"]
[Date "2003.06.08"]
[Round "1"]
[White "Sakelsek,T"]
[Black "Jurkovic,H"]
[Result "0-1"]
[WhiteElo "2347"]
[BlackElo "2401"]

1.e4 c5 2.Nf3 e6 3.d4 cxd4 4.Nxd4 a6 5.Nc3 Qc7 6.Bd3 Nc6 7.Be3 Nf6 8.O-O Ne5
9.Nf3 d6 10.Nxe5 dxe5 11.Na4 Bd7 12.c4 Bc6 13.Qc2 Qa5 14.Nb6 Rd8 15.c5 Ng4
16.Nc4 Nxe3 17.Nxa5 Nxc2 18.Bxc2 Bxc5 19.Nxc6 bxc6 20.Rfd1 Bd4 21.Ba4 Rd6
22.Rac1 Kd7 23.Rc2 Rb8 24.Rdc1 Bxb2 25.Rb1 Ba3 26.Bb3 a5 27.Kf1 Rb4 28.Rc4 Rd4
29.Rxb4 Rxb4 30.Bc2 Bb2 31.Ke2 c5 32.Rd1+ Kc7 33.f3 c4 34.Rb1 Kc6 35.Rd1 Bd4
36.Rb1 Kc5 37.Kd2 Rxb1 38.Bxb1 Kb4  0-1

[Event "IEWCC"]
[Site "Istanbul TUR"]
[Date "2003.06.10"]
[Round "7"]
[White "Muhren,B"]
[Black "Flear,C"]
[Result "0-1"]
[WhiteElo "2092"]
[BlackElo "2213"]

1.e4 c5 2.Nf3 e6 3.d4 cxd4 4.Nxd4 a6 5.Nc3 Qc7 6.Be3 Nf6 7.Qd2 Bb4 8.f3 d5
9.exd5 Nxd5 10.Nde2 Nxe3 11.Qxe3 O-O 12.O-O-O Nc6 13.a3 Be7 14.Kb1 b5 15.Nd4 Nxd4
16.Qxd4 Rd8 17.Qe3 Bb7 18.Bd3 h6 19.Be4 Bxe4 20.Nxe4 Rac8 21.Qe2 Rxd1+ 22.Qxd1 a5
23.g3 b4 24.a4 Qc6 25.b3 f5 26.Nf2 Bf6 27.Nd3 Qc3 28.Kc1 Qxb3 29.Qe2 Qc3
30.Kd1 Qa1+ 31.Kd2 Bc3+  0-1

[Event "IV Open"]
[Site "Lido Estensi ITA"]
[Date "2003.06.10"]
[Round "4"]
[White "Shytaj,L"]
[Black "Timoscenko,G"]
[Result "1/2-1/2"]
[WhiteElo "2327"]
[BlackElo "2533"]

1.e4 c5 2.Nf3 e6 3.d4 cxd4 4.Nxd4 a6 5.Nc3 b5 6.Bd3 Bb7 7.O-O d6 8.Qe2 Nd7
9.a4 bxa4 10.Nxa4 Ngf6 11.Bd2 Ne5 12.f4 Nxd3 13.cxd3 Be7 14.Rac1 O-O 15.Nc6 Bxc6
16.Rxc6 Nd7 17.d4 Nb8 18.Rc2 Ra7 19.Rfc1 Rb7 20.Qd3 Qd7 21.b3 Qb5 22.Qxb5 Rxb5
23.Rb1 f5 24.Nc3 Rb7 25.d5 exd5 26.Nxd5 fxe4 27.Re1 Rf5 28.Nxe7+ Rxe7 29.Rc8+ Rf8
30.Rxf8+ Kxf8 31.Bb4 Re6 32.f5 Rf6 33.Rxe4 Nc6 34.g4 Nxb4 35.Rxb4 h5  1/2-1/2

[Event "IV Open"]
[Site "Lido Estensi ITA"]
[Date "2003.06.10"]
[Round "4"]
[White "Ortega,Le"]
[Black "Khenkin,I"]
[Result "1-0"]
[WhiteElo "2448"]
[BlackElo "2644"]

1.e4 c5 2.Nf3 e6 3.d4 cxd4 4.Nxd4 a6 5.Nc3 Qc7 6.Be2 Nf6 7.O-O Bc5 8.Be3 d6
9.Qd2 O-O 10.Rad1 b5 11.Bf3 Bb7 12.e5 Bxf3 13.exf6 Bxd1 14.Nf5 gxf6 15.Nd5 Qd8
16.Bxc5 Nd7 17.Bd4 Bh5 18.Nde7+ Qxe7 19.Nxe7+ Kg7 20.g4 Bg6 21.g5 Rfe8 22.gxf6+ Nxf6
23.Qg5 e5 24.Nf5+ Kg8 25.Qxf6 Bxf5 26.Be3  1-0

[Event "IV Open"]
[Site "Lido Estensi ITA"]
[Date "2003.06.12"]
[Round "6"]
[White "Mantovani,R"]
[Black "Straub,P"]
[Result "1-0"]
[WhiteElo "2353"]
[BlackElo "2123"]

1.e4 c5 2.Nf3 e6 3.Nc3 a6 4.d4 cxd4 5.Nxd4 Qc7 6.g3 Nf6 7.Bg2 Nc6 8.O-O Nxd4
9.Qxd4 Bc5 10.Bf4 d6 11.Qd2 h6 12.Rad1 e5 13.Be3 Be6 14.Bxc5 dxc5 15.Nd5 Bxd5
16.exd5 Qd6 17.a4 b5 18.Qa5 Rb8 19.axb5 axb5 20.Ra1 O-O 21.Rfd1 Rfd8 22.Qa7 Rb6
23.Qa3 Ne8 24.Qe3 Nf6 25.Ra7 Re8 26.c3 c4 27.Rda1 e4 28.Ra8 Rbb8 29.Rxb8 Qxb8
30.Qc5 Qe5 31.Qxb5 Rb8 32.Qxc4 Rxb2 33.Re1 Qxd5 34.Qxd5 Nxd5 35.c4 Nf6 36.Bxe4 Nxe4
37.Rxe4 Kf8 38.h4 f6 39.h5 Kf7 40.Kg2 f5 41.Rf4 Ke6 42.Kf3 Rb3+ 43.Ke2 Rc3
44.Kd2 Rb3 45.g4 fxg4 46.Rxg4 Kf7 47.Rg3 Rb2+ 48.Ke3 Rc2 49.Rf3+ Ke6 50.Kd4 Rd2+
51.Kc3 Rd1 52.Re3+ Kf6 53.c5 Rh1 54.Kd4 Rxh5 55.c6 Ra5 56.Re8 Ra7 57.Kc5 Kf5
58.Kb6 Ra2 59.c7 Rb2+ 60.Ka5 Rc2 61.c8=Q+ Rxc8 62.Rxc8 g5 63.Rh8 Kg6 64.Kb4 h5
65.Kc3 g4 66.Kd2 Kg5 67.Ke2 h4  1-0

[Event "5th ZNG111 GM"]
[Site "Opatija CRO"]
[Date "2003.06.13"]
[Round "7"]
[White "Fercec,N"]
[Black "Jurkovic,H"]
[Result "1-0"]
[WhiteElo "2442"]
[BlackElo "2401"]

1.e4 c5 2.Nf3 a6 3.Nc3 e6 4.d4 cxd4 5.Nxd4 Qc7 6.Bd3 Nc6 7.Be3 Nxd4 8.Bxd4 Ne7
9.O-O Ng6 10.f4 Bc5 11.Bxc5 Qxc5+ 12.Kh1 d6 13.e5 dxe5 14.Bxg6 hxg6 15.Ne4 Qd4
16.Qe2 f5 17.Ng5 e4 18.Rad1 Qc5 19.Rd2 Ke7 20.Rfd1 a5 21.Rd4 b5 22.Qe3 Qc7
23.Rd6 Ra6 24.Rxa6 Bxa6 25.Qd4 Rg8 26.Nxe6 Qc6 27.Ng5 Bc8 28.Qe5+ Be6 29.Nxe6 Qxe6
30.Qc7+ Kf6 31.Rd6 Re8 32.Rxe6+ Rxe6 33.Kg1  1-0

[Event "IEWCC"]
[Site "Istanbul TUR"]
[Date "2003.06.14"]
[Round "11"]
[White "Koskela,N"]
[Black "Flear,C"]
[Result "1-0"]
[WhiteElo "2312"]
[BlackElo "2213"]

1.e4 c5 2.Nf3 e6 3.d4 cxd4 4.Nxd4 a6 5.Nc3 Qc7 6.Be2 Nf6 7.O-O b5 8.Bf3 Nc6
9.e5 Ng8 10.Nxc6 dxc6 11.Be4 Bb7 12.f4 Bc5+ 13.Kh1 Rd8 14.Qf3 g6 15.Be3 Bxe3
16.Qxe3 Ne7 17.Qc5 O-O 18.a4 f5 19.Bf3 bxa4 20.Qc4 Nd5 21.Nxa4 Qf7 22.Bxd5 Rxd5
23.Nc5 Rfd8 24.c3 Qe7 25.b4 Bc8 26.Nxa6 Qh4 27.Nc7 Rxe5 28.Qxc6 Re4 29.b5 Rd2
30.Qe8+ Kg7 31.Nxe6+ Bxe6 32.Ra7+ Bd7 33.Rxd7+ Rxd7 34.Qxd7+ Kh6 35.Kg1 Qf6
36.Qc6 Qxc6 37.bxc6 Rc4 38.Rc1 Rxc6 39.c4 g5 40.Kf2 gxf4 41.Kf3 Kg5 42.h4+ Kxh4
43.Kxf4 Kh5 44.Kxf5 Rc5+ 45.Ke6 Kg4 46.Kd6 Rg5 47.c5 h5 48.c6 Rg6+ 49.Ke5 Rg8
50.c7 Rc8 51.Rc3 h4 52.Kd6  1-0

[Event "TCh-NED Playoff"]
[Site "Enschede NED"]
[Date "2003.06.21"]
[Round "1"]
[White "Bezemer,A"]
[Black "Chuchelov,V"]
[Result "0-1"]
[WhiteElo "2346"]
[BlackElo "2592"]

1.e4 c5 2.Nf3 e6 3.d4 cxd4 4.Nxd4 a6 5.Nc3 b5 6.Bd3 d6 7.O-O Nf6 8.a4 b4
9.Na2 Qb6 10.a5 Qb7 11.Qe2 Be7 12.c3 bxc3 13.Nxc3 O-O 14.Na4 Nbd7 15.Ra3 d5
16.Rb3 Qc7 17.exd5 Nc5 18.Rc3 Nxd5 19.Rc4 Rb8 20.Nxc5 Bxc5 21.Qc2 Nb4 22.Bxh7+ Kh8
23.Qe4 Qe7 24.Rxc5 Bb7 25.Qg4 Qxc5 26.Qh3 Rfd8 27.Nb3 Qe5 28.f4 Qf6 29.Bg6+ Kg8
30.Qh7+ Kf8 31.f5  0-1

[Event "TCh-NED Playoff"]
[Site "Enschede NED"]
[Date "2003.06.21"]
[Round "1"]
[White "Ris,R"]
[Black "Siebrecht,S"]
[Result "1-0"]
[WhiteElo "2183"]
[BlackElo "2437"]

1.e4 c5 2.Nf3 e6 3.d4 cxd4 4.Nxd4 a6 5.Nc3 Qc7 6.Bd3 Nf6 7.f4 d6 8.Qf3 b5
9.g4 b4 10.Nce2 Bb7 11.Be3 g6 12.O-O-O Bg7 13.h4 h5 14.gxh5 Nxh5 15.Ng3 Nd7
16.Rh2 Nc5 17.Nxh5 Rxh5 18.Kb1 O-O-O 19.Nb3 Na4 20.Bd4 Bxd4 21.Nxd4 Rdh8
22.Qe2 Qb6 23.Bc4 Rxh4 24.Rxh4 Rxh4 25.Qf2 Rh5 26.f5 gxf5 27.Qg2 Qd8 28.Qe2 Rh4
29.exf5 Qf6 30.Qd2 Nc5 31.fxe6 fxe6 32.Bb3 e5 33.Ne6 Qe7 34.Nxc5 dxc5 35.Qf2 c4
36.Ba4 Rd4 37.Re1 Qd6 38.c3 bxc3 39.bxc3 Be4+ 40.Rxe4 Qb6+ 41.Kc2  1-0

[Event "TCh-BIH"]
[Site "Jahorina BIH"]
[Date "2003.06.23"]
[Round "4"]
[White "Fercec,N"]
[Black "Cabrilo,G"]
[Result "1/2-1/2"]
[WhiteElo "2442"]
[BlackElo "2469"]

1.e4 c5 2.Nf3 e6 3.d4 cxd4 4.Nxd4 a6 5.Nc3 d6 6.Be3 Nc6 7.Qd2 Bd7 8.O-O-O Nge7
9.Nb3 Nc8 10.f4 Qc7 11.Kb1 b5  1/2-1/2

[Event "2nd Open"]
[Site "La Fere FRA"]
[Date "2003.07.01"]
[Round "5"]
[White "Cappon,J"]
[Black "Van der Weide,K"]
[Result "0-1"]
[WhiteElo "2193"]
[BlackElo "2388"]

1.e4 c5 2.Nf3 e6 3.d4 cxd4 4.Nxd4 a6 5.Nc3 b5 6.Bd3 Qb6 7.Nb3 Qc7 8.O-O Bb7
9.Qe2 d6 10.a4 b4 11.Na2 Nf6 12.Bf4 Nc6 13.Bg3 Be7 14.c4 e5 15.a5 Nd7 16.Nac1 Bg5
17.Qg4 Qd8 18.h4 Bh6 19.h5 Qg5 20.Qh3 Qe7 21.Ne2 Nc5 22.Nxc5 dxc5 23.f4 Rd8
24.Rfd1 O-O 25.Bc2 exf4 26.Bxf4 Bxf4 27.Nxf4 Qe5 28.Nd5 Qxb2 29.Rac1 Qe5
30.Rf1 Nd4 31.Bd3 Bxd5 32.cxd5 Nb3 33.Rc2 Nxa5 34.Qe3 Rxd5 35.Bxa6 b3 36.Re2 Rd4
37.Qc3 c4 38.Ref2 Rxe4 39.Qb4 c3 40.Qb6 c2  0-1

[Event "25th Open"]
[Site "Oberwart AUT"]
[Date "2003.07.05"]
[Round "1"]
[White "Salamon,W"]
[Black "Golubovic,B"]
[Result "1/2-1/2"]
[WhiteElo "2196"]
[BlackElo "2427"]

1.e4 c5 2.Nf3 e6 3.Nc3 a6 4.d4 cxd4 5.Nxd4 Qc7 6.Bd3 Nc6 7.Nxc6 dxc6 8.O-O e5
9.Kh1 Nf6 10.f4 Bd6 11.Qe1 b5 12.Qh4 Bb7 13.a4 b4 14.Ne2 c5 15.b3 exf4 16.Bxf4 Bxf4
17.Rxf4 Qe5 18.Rff1 O-O 19.Ng3  1/2-1/2

[Event "31st World Open"]
[Site "Philadelphia USA"]
[Date "2003.07.06"]
[Round "9"]
[White "Anderson,R"]
[Black "Adamson,R"]
[Result "1-0"]
[WhiteElo "2254"]
[BlackElo "2308"]

1.e4 c5 2.Nf3 e6 3.Nc3 a6 4.d4 cxd4 5.Nxd4 Qc7 6.Bd3 Nf6 7.O-O b5 8.Qe2 d6
9.Kh1 Bb7 10.f4 Nbd7 11.Bd2 Be7 12.a4 bxa4 13.Rxa4 Nc5 14.Raa1 O-O 15.b4 Nxd3
16.cxd3 Nd7 17.Rfc1 Qb8 18.Rab1 Bf6 19.Nb3 Rc8 20.d4 Be7 21.Na5 Bd8 22.Rf1 Bb6
23.d5 exd5 24.Nxb7 Qxb7 25.Nxd5 Re8 26.Bc3 Bd8 27.Qg4 f6 28.Rbe1 Kh8 29.Rf3 Nb6
30.Rh3 Qf7 31.Ne3 Rc8 32.Nf5 Nd7 33.Nxd6  1-0

[Event "1st Stage Russian Cup"]
[Site "Tomsk RUS"]
[Date "2003.07.06"]
[Round "3"]
[White "Pridorozhni,A"]
[Black "Verzhansky,A"]
[Result "1-0"]
[WhiteElo "2485"]
[BlackElo "2264"]

1.e4 c5 2.Nf3 e6 3.Nc3 a6 4.d4 cxd4 5.Nxd4 Qc7 6.Be2 Nc6 7.Be3 Nf6 8.O-O Bb4
9.Nxc6 bxc6 10.Na4 Be7 11.Nb6 Rb8 12.Nxc8 Qxc8 13.e5 Nd5 14.Bc1 c5 15.a3 Qc7
16.c4 Nb6 17.f4 d6 18.exd6 Bxd6 19.Bd2 O-O 20.Qc2 Nc8 21.Bd3 g6 22.Rae1 Ne7
23.Qc1 Nc6 24.Bc3 Nd4 25.Bxd4 cxd4 26.b4 a5 27.c5 Be7 28.Qc4 Rfc8 29.Kh1 Qd7
30.Re4 Bf8 31.Bc2 Bg7 32.Rb1 Qd5 33.Qd3 Qc6 34.Ree1 Rc7 35.Qc4 Rd8 36.Bd3 Qa4
37.Rec1 Rdc8 38.Qb3 Qd7 39.Be4  1-0

[Event "32nd TCh-GRE"]
[Site "Kallithea Chalkidiki GRE"]
[Date "2003.07.08"]
[Round "5"]
[White "Polzin,R"]
[Black "Hellsten,J"]
[Result "1-0"]
[WhiteElo "2464"]
[BlackElo "2511"]

1.e4 c5 2.Nf3 e6 3.d4 cxd4 4.Nxd4 a6 5.Nc3 b5 6.Bd3 Qb6 7.Nb3 Qc7 8.O-O Bb7
9.Be3 d6 10.f4 Nd7 11.f5 e5 12.a4 b4 13.Na2 Ngf6 14.c3 Nc5 15.Nxc5 dxc5 16.cxb4 cxb4
17.Rc1 Qa5 18.Rc4 Rd8 19.Qb3 Ng4 20.Ba7 Ra8 21.Be2 Rxa7 22.Bxg4 Qb6+ 23.Kh1 Be7
24.f6 gxf6 25.Qh3 h5 26.Bxh5 Ra8 27.Qf3 Qe6 28.b3 Rd8 29.Bg4 Qb6 30.Nc1 a5
31.Rc2 Rd4 32.Bf5 Rh4 33.Na2 Rdxe4 34.Bxe4 Bxe4  1-0

[Event "Open A"]
[Site "Poznan POL"]
[Date "2003.07.08"]
[Round "2"]
[White "Szelag,M"]
[Black "Przezdziecka,M"]
[Result "1-0"]
[WhiteElo "2375"]
[BlackElo "1975"]

1.e4 c5 2.Nf3 e6 3.d4 cxd4 4.Nxd4 a6 5.Nc3 Qc7 6.Be2 Nf6 7.O-O Nc6 8.Be3 Be7
9.f4 d6 10.Qe1 O-O 11.Qg3 Kh8 12.Rae1 Bd7 13.Bd3 b5 14.a3 Rac8 15.Kh1 Rfe8
16.Nf3 g6 17.e5 Nh5 18.Qh3 Kg8 19.Bd2 f5 20.exf6 Bxf6 21.g4 Ng7 22.Ne4 Bxb2
23.Rb1 Bd4 24.c3 d5 25.Neg5 Bf6 26.Qxh7+ Kf8 27.Qxg6 Bxg5 28.fxg5  1-0

[Event "32nd TCh-GRE"]
[Site "Kallithea Chalkidiki GRE"]
[Date "2003.07.09"]
[Round "6"]
[White "Skripchenko,A"]
[Black "Botsari,A"]
[Result "1/2-1/2"]
[WhiteElo "2489"]
[BlackElo "2380"]

1.e4 c5 2.Nf3 e6 3.d4 cxd4 4.Nxd4 a6 5.Nc3 b5 6.Bd3 Bb7 7.O-O Qc7 8.Qe2 Nf6
9.Bd2 b4 10.Na4 Nc6 11.Nb3 Ne5 12.f4 Nxd3 13.cxd3 Qc6 14.Na5 Qxa4 15.Nxb7 Qc6
16.e5 Nd5 17.Nd6+ Bxd6 18.exd6 Qxd6 19.f5 O-O 20.Qg4 f6 21.Rf3 Rf7 22.Re1 Re7
23.Ref1 Rc8 24.Kh1 Rc2 25.Bh6 exf5 26.Rxf5 Ne3 27.Bxe3 Rxe3 28.R5f3 Rxf3
29.Qxf3 Qc6 30.Qg3 Rc1 31.Qf4 Rxf1+ 32.Qxf1 Qc2 33.d4 a5 34.h3 a4 35.Qe1 Kf7
36.Qxb4 Qb1+ 37.Kh2 Qxa2 38.Qb5 Ke7 39.Qc5+ Ke6 40.Qb6+ Kd5 41.Qb5+ Kxd4
42.Qxd7+ Ke5 43.Qe7+ Kf5 44.Qxg7 Qxb2 45.Qg4+ Ke5 46.Qxa4 Qb7 47.Qe8+ Kd6
48.Qd8+ Ke6 49.Kg3 Kf7  1/2-1/2

[Event "32nd TCh-GRE"]
[Site "Kallithea Chalkidiki GRE"]
[Date "2003.07.09"]
[Round "7"]
[White "Polzin,R"]
[Black "Macieja,B"]
[Result "1/2-1/2"]
[WhiteElo "2464"]
[BlackElo "2627"]

1.e4 c5 2.Nf3 e6 3.d4 cxd4 4.Nxd4 a6 5.Nc3 b5 6.Bd3 d6 7.O-O Nf6 8.a4 b4
9.Na2 e5 10.Nf3 Nc6 11.Qe1 Rb8 12.Bd2 Qb6 13.a5 Qb7 14.h3 Be7 15.c3 bxc3
16.Bxc3 O-O 17.Kh2 Re8 18.Nd2 Na7 19.Nc4 Nb5 20.Nb6 Be6 21.Nb4 Bd8 22.Qe2 Bxb6
23.axb6 Nxc3 24.bxc3 Qxb6 25.Rxa6 Qc7 26.Qd2 Rb6 27.Rxb6 Qxb6 28.Ra1 Qc7
29.f3 g6 30.Bf1 Rd8 31.c4 Kg7 32.Nd5 Bxd5 33.cxd5 Nd7 34.Qa5 Qb8 35.Bb5 Nc5
36.Ra3 h5 37.h4 Kg8  1/2-1/2

[Event "25th Open"]
[Site "Oberwart AUT"]
[Date "2003.07.09"]
[Round "5"]
[White "Videki,S"]
[Black "Fauland,P"]
[Result "1-0"]
[WhiteElo "2429"]
[BlackElo "2280"]

1.e4 c5 2.Nf3 e6 3.d4 cxd4 4.Nxd4 a6 5.Nc3 Nc6 6.g3 Qc7 7.Bg2 b5 8.O-O Bb7
9.Re1 b4 10.Nd5 Qa5 11.Nb3 Qd8 12.Be3 exd5 13.exd5 Ne5 14.f4 d6 15.fxe5 dxe5
16.Nc5 Bxc5 17.Bxc5 f6 18.Rxe5+ Kf7 19.Re6 a5 20.Qd4 Qd7 21.Rd6 Qf5 22.Rf1 Qc8
23.Be4 Qg4 24.Bg6+ Qxg6 25.Rd7+ Ke8 26.Qe3+ Kxd7 27.Qe6+ Kc7 28.Bb6+  1-0

[Event "Open A"]
[Site "Poznan POL"]
[Date "2003.07.09"]
[Round "3"]
[White "Starostits,I"]
[Black "Ostrowski,L"]
[Result "0-1"]
[WhiteElo "2431"]
[BlackElo "2334"]

1.e4 c5 2.Nc3 e6 3.Nf3 a6 4.d4 cxd4 5.Nxd4 b5 6.Bd3 Qb6 7.Be3 Qc7 8.O-O Nf6
9.f4 Bb7 10.Qe2 b4 11.Nd1 d5 12.exd5 Nxd5 13.f5 e5 14.Nb3 Bd6 15.Nf2 Nd7
16.Ne4 Be7 17.Kh1 O-O 18.Bd2 a5 19.Rae1 a4 20.Nc1 Rac8 21.Qf2 N5f6 22.c3 Bxe4
23.Bxe4 Nxe4 24.Rxe4 Nf6 25.Ree1 Rfd8 26.cxb4 Qc4 27.Bc3 Bxb4 28.Bxb4 Qxb4
29.h3 e4 30.Rd1 h6 31.Qe2 Rxd1 32.Rxd1 Qc5 33.Qa6 Qxf5 34.Qxa4 e3 35.Re1 Ne4
36.Qd4 Qf4 37.Nb3 Ng3+ 38.Kh2 Nf1+  0-1

[Event "Open A"]
[Site "Poznan POL"]
[Date "2003.07.09"]
[Round "3"]
[White "Przezdziecka,E"]
[Black "Janaszak,Daw"]
[Result "1/2-1/2"]
[WhiteElo "1974"]
[BlackElo "2223"]

1.e4 c5 2.Nf3 e6 3.d4 cxd4 4.Nxd4 a6 5.Nc3 Qc7 6.Be2 Nf6 7.O-O Be7 8.Kh1 O-O
9.f4 d6 10.Be3 Nbd7 11.Qe1 b5 12.a3 Bb7 13.Bf3 Rfd8 14.Qg3 Nc5 15.e5 Nfe4
16.Nxe4 Nxe4 17.Bxe4 Bxe4 18.f5 exf5 19.Nxf5 Bxf5 20.Rxf5 dxe5 21.Raf1 Bf8
22.h4 Qxc2 23.Rxf7 Rd1 24.Qxe5 Qe2 25.Qe6 Kh8 26.Rxd1 Qxd1+ 27.Kh2 Qe1 28.g3 Rd8
29.Qf5 Bd6 30.Qg5 Rg8 31.Rxg7 Qe2+ 32.Kg1 Qe1+ 33.Kh2 Qe2+  1/2-1/2

[Event "Open A"]
[Site "Poznan POL"]
[Date "2003.07.09"]
[Round "4"]
[White "Krupa,Ba"]
[Black "Kaszowski,D"]
[Result "1/2-1/2"]
[WhiteElo "2038"]
[BlackElo "2309"]

1.e4 c5 2.Nf3 e6 3.d4 cxd4 4.Nxd4 a6 5.Nc3 Qc7 6.Bd3 Nf6 7.O-O Bc5 8.Nb3 Be7
9.f4 d6 10.Kh1 Nbd7 11.a4 b6 12.Be3 Bb7 13.Qe2 O-O 14.Rad1 Rfe8 15.Rd2 Bf8
16.Rfd1 Nc5 17.Bxc5 bxc5 18.e5 dxe5 19.fxe5 Nd5 20.Rf1 Nxc3 21.bxc3 g6 22.Be4 Bxe4
23.Qxe4 Rad8 24.Rfd1 Rxd2 25.Rxd2 c4 26.Nd4 Rb8 27.g3 Bh6 28.Rd1 Rd8 29.Rb1 Rd5
30.Nf3 Bf8 31.h4 Qc6 32.Qf4 Rd8 33.Rf1 Bg7 34.h5 gxh5 35.Kh2 Qd5 36.Rf2 Rf8
37.Rd2 Qc5 38.Qe4 h6 39.Rd4 f6 40.exf6 Rxf6 41.Rd8+ Bf8 42.Nd4 Qg5 43.Rd7 Rf2+
44.Kh3 Qg4+ 45.Qxg4+ hxg4+ 46.Kxg4 Bg7 47.Nxe6 Bxc3 48.Rd8+ Kh7 49.Rd7+ Kh8
50.Rd8+ Kh7 51.Rc8  1/2-1/2

[Event "32nd TCh-GRE"]
[Site "Kallithea Chalkidiki GRE"]
[Date "2003.07.10"]
[Round "8"]
[White "Petrov,Marij"]
[Black "Skripchenko,A"]
[Result "0-1"]
[WhiteElo "2475"]
[BlackElo "2489"]

1.e4 c5 2.Nf3 e6 3.d4 cxd4 4.Nxd4 a6 5.Nc3 Qc7 6.Bd3 Nc6 7.Be3 Nf6 8.O-O Nxd4
9.Bxd4 Bc5 10.Bxc5 Qxc5 11.Na4 Qc7 12.c4 d6 13.Rc1 Bd7 14.Qb3 Bxa4 15.Qxa4+ Nd7
16.Rc3 O-O 17.Bb1 Nc5 18.Qd1 e5 19.Qh5 Ne6 20.Rd1 g6 21.Qh6 Nd4 22.Rd2 f6
23.a3 Kh8 24.f4 a5 25.f5 Qg7 26.Qh4 g5 27.Qh5 a4 28.Ba2 Rac8 29.Rg3 b5 30.h4 bxc4
31.hxg5 fxg5 32.Rxg5 Qa7 33.Rf2 Ne6 34.Rg4 Nf4 35.Rxf4 exf4 36.Qf3 Qe3 37.Qxf4 Qxf4
38.Rxf4 c3 39.bxc3 Rxc3 40.Rg4 Rxa3 41.Bd5 Ra1+ 42.Kh2 a3 43.f6 h5 44.Rh4 Rxf6
45.Rxh5+ Kg7 46.Rg5+ Rg6 47.Rf5 Rh6+ 48.Kg3 Rf6 49.Rh5 Rg6+  0-1

[Event "25th Open"]
[Site "Oberwart AUT"]
[Date "2003.07.11"]
[Round "7"]
[White "Benda,H"]
[Black "Golubovic,B"]
[Result "1/2-1/2"]
[WhiteElo "2260"]
[BlackElo "2427"]

1.e4 c5 2.Nf3 e6 3.d4 cxd4 4.Nxd4 a6 5.Nc3 d6 6.Be2 Nf6 7.Bg5 h6 8.Be3 Be7
9.f4 Qc7 10.Qd2 Nc6 11.O-O-O Bd7 12.Kb1 b5 13.Bxb5 axb5 14.Ndxb5 Qb8 15.Nxd6+ Bxd6
16.Qxd6 Qxd6 17.Rxd6 Ne7 18.Rhd1 Bc6 19.Bb6 Nd7 20.Be3 Nf6 21.Bb6  1/2-1/2

[Event "103rd ch-SUI"]
[Site "Silvaplana SUI"]
[Date "2003.07.11"]
[Round "2"]
[White "Fischli,A"]
[Black "Arquint,A"]
[Result "0-1"]
[WhiteElo "2084"]
[BlackElo "2107"]

1.e4 c5 2.Nf3 e6 3.d4 cxd4 4.Nxd4 a6 5.Nc3 Qc7 6.Be2 Bb4 7.O-O Nf6 8.Qd3 O-O
9.f4 Bxc3 10.bxc3 d5 11.exd5 exd5 12.Bf3 Re8 13.Bd2 Bd7 14.Ne2 Bb5  0-1

[Event "ch-SWE"]
[Site "Umea SWE"]
[Date "2003.07.11"]
[Round "12"]
[White "Olsson,An"]
[Black "Lindberg,Be"]
[Result "1-0"]
[WhiteElo "2383"]
[BlackElo "2392"]

1.e4 c5 2.Nf3 e6 3.d4 cxd4 4.Nxd4 a6 5.Nc3 Qc7 6.g3 Nf6 7.Bg2 Be7 8.O-O O-O
9.f4 d6 10.a4 Nc6 11.Kh1 Bd7 12.Nb3 b6 13.g4 Bc8 14.g5 Nd7 15.Be3 Re8 16.Rf3 Rb8
17.Rh3 b5 18.axb5 axb5 19.f5 b4 20.fxe6 fxe6 21.Qh5 Nf8 22.Qxe8 bxc3 23.bxc3 Bb7
24.Qh5 Ne5 25.Bd4 Neg6 26.Be3 Rc8 27.Ra7 Qb8 28.Qd1 Ba8 29.Qa1 e5 30.Rg3 Re8
31.Kg1 Ne6 32.c4 Nef4 33.Bf3 Rf8 34.Nd2 Qe8 35.c5 d5 36.Rxa8 Qxa8 37.Qxa8 Rxa8
38.exd5 Ra3 39.Kf2 Rc3 40.d6 Bxg5 41.Rxg5 Nh3+ 42.Ke2 Rxe3+ 43.Kxe3 Nxg5
44.d7  1-0

[Event "Open A"]
[Site "Poznan POL"]
[Date "2003.07.12"]
[Round "8"]
[White "Krupa,Ba"]
[Black "Przybylski,B"]
[Result "1-0"]
[WhiteElo "2038"]
[BlackElo "2090"]

1.e4 c5 2.Nf3 e6 3.d4 cxd4 4.Nxd4 a6 5.Nc3 Qc7 6.Bd3 Nc6 7.Be3 Nf6 8.O-O b5
9.Qe2 Bb7 10.a3 Be7 11.f4 Nxd4 12.Bxd4 Bc5 13.Bxc5 Qxc5+ 14.Kh1 d6 15.e5 Nd7
16.exd6 Qxd6 17.Rad1 Qc7 18.Ne4 Bd5 19.f5 Rd8 20.fxe6 Bxe6 21.Ng5 Qe5 22.Qh5 Nf6
23.Qh4 Rd4 24.Qxd4 Qxd4 25.Bxb5+  1-0

[Event "Open"]
[Site "Ikaros GRE"]
[Date "2003.07.15"]
[Round "4"]
[White "Fontaine,R"]
[Black "Milosevic,G"]
[Result "1-0"]
[WhiteElo "2541"]
[BlackElo "2401"]

1.e4 c5 2.Nf3 e6 3.d4 cxd4 4.Nxd4 a6 5.Nc3 Qc7 6.Be2 Nf6 7.O-O d6 8.Be3 Be7
9.f4 Nc6 10.Qe1 Nxd4 11.Bxd4 O-O 12.Qg3 b5 13.Bd3 g6 14.e5 Nh5 15.Qf2 Bb7
16.Ne4 dxe5 17.fxe5 Bxe4 18.Bxe4 Rac8 19.c3 Bc5 20.g4 Ng7 21.Rad1 Qe7 22.Qf4 Ne8
23.Rf3 f5 24.gxf5 exf5 25.Bd5+ Kh8 26.Qh6 Nc7 27.Bb3 Rcd8 28.Rh3 Bxd4+ 29.Rxd4 Qg7
30.Qxg7+ Kxg7 31.Rhd3 Rxd4 32.cxd4 Rd8 33.d5 a5 34.d6 Ne8 35.a4 b4 36.Rd5 f4
37.Rxa5 Nxd6 38.Rd5 Nf7 39.Rxd8 Nxd8 40.Bd5  1-0

[Event "Canadian Open"]
[Site "Kapuskasing CAN"]
[Date "2003.07.15"]
[Round "5"]
[White "Tyomkin,D"]
[Black "Cramling,P"]
[Result "1/2-1/2"]
[WhiteElo "2471"]
[BlackElo "2488"]

1.e4 c5 2.Nf3 e6 3.Nc3 a6 4.d4 cxd4 5.Nxd4 Qc7 6.g3 Nf6 7.Bg2 d6 8.O-O Be7
9.Be3 Nc6 10.Nxc6 bxc6 11.Na4 Rb8 12.c4 c5 13.b3 Bb7 14.Nc3 O-O 15.h3 Rbd8
16.Qd2  1/2-1/2

[Event "zt 3.3"]
[Site "Yongchuan CHN"]
[Date "2003.07.16"]
[Round "5"]
[White "Yu Shaoteng"]
[Black "Wu Wenjin"]
[Result "0-1"]
[WhiteElo "2508"]
[BlackElo "2531"]

1.e4 c5 2.Nc3 a6 3.Nf3 e6 4.d4 cxd4 5.Nxd4 Nc6 6.Be2 Qc7 7.O-O Nf6 8.Kh1 b5
9.Nxc6 dxc6 10.f4 Bb4 11.e5 Bxc3 12.bxc3 Nd5 13.Qe1 c5 14.c4 bxc4 15.Bxc4 Bb7
16.Rb1 Ne7 17.Be2 O-O 18.Be3 Be4 19.Qf2 Nf5 20.Bf3 Bxf3 21.Qxf3 Rab8 22.Bf2 c4
23.Qe4 h5 24.c3 Rfd8 25.Rxb8 Rxb8 26.Rb1 Rxb1+ 27.Qxb1 Qd7 28.Qb8+ Kh7 29.Qa7 Qd2
30.Bg1 Qxf4 31.Qxa6 h4 32.Qc6 Ng3+  0-1

[Event "24th Open"]
[Site "Bled SLO"]
[Date "2003.07.17"]
[Round "5"]
[White "Srebrnic,V"]
[Black "Orel,O"]
[Result "1/2-1/2"]
[WhiteElo "2257"]
[BlackElo "2338"]

1.e4 c5 2.Nf3 e6 3.d4 cxd4 4.Nxd4 a6 5.Nc3 Qc7 6.Be3 Nf6 7.Qd2 b5 8.f3 Bb7
9.O-O-O Nc6 10.g4 h6 11.Nxc6 Bxc6 12.Kb1 d5 13.exd5 Nxd5 14.Nxd5 Bxd5 15.Be2 O-O-O  1/2-1/2

[Event "3rd Open"]
[Site "St Chely d'Aubrac FRA"]
[Date "2003.07.18"]
[Round "8"]
[White "Rubino,W"]
[Black "Corke,A"]
[Result "1/2-1/2"]
[WhiteElo "2127"]
[BlackElo "2002"]

1.e4 c5 2.Nf3 e6 3.d4 cxd4 4.Nxd4 a6 5.Nc3 Qc7 6.Be3 Nf6 7.a3 b5 8.Bd3 Nc6
9.O-O Ne5 10.Bf4 d6 11.Nf3 Ng6 12.Bg3 Nh5 13.Ne2 Bb7 14.Rc1 Nxg3 15.hxg3 Ne5
16.Nxe5 dxe5 17.c4 Qb6 18.b4 Rd8 19.c5 Qc7 20.Qc2 Be7 21.a4 Bc6 22.axb5 axb5
23.Nc3 Qb7 24.Ra1 Rd4 25.Rab1 O-O 26.Qe2 Rb8 27.Rb2 Qd7 28.Rd1 Rd8 29.Bc2 g6
30.Rbb1  1/2-1/2

[Event "zt 3.3"]
[Site "Yongchuan CHN"]
[Date "2003.07.18"]
[Round "7"]
[White "Yu Shaoteng"]
[Black "Zhang Zhong"]
[Result "1/2-1/2"]
[WhiteElo "2508"]
[BlackElo "2658"]

1.e4 c5 2.Nf3 e6 3.d4 cxd4 4.Nxd4 a6 5.Nc3 Qc7 6.Be2 Nc6 7.O-O b5 8.Nxc6 dxc6
9.a4 Rb8 10.f4 Bb7 11.Kh1 Rd8 12.Qe1 b4 13.Nb1 c5 14.Nd2 Nf6 15.Bd3 Be7 16.b3 h5
17.Bb2 h4 18.Nc4 h3 19.g3 Ng4 20.Qe2 f5 21.Kg1 Nf6 22.exf5 Qc6 23.Kf2 exf5
24.Bxf5 Qg2+ 25.Ke1 O-O 26.Rf2 Qh1+ 27.Qf1 Qxf1+ 28.Kxf1 Ne4 29.Be6+ Kh7
30.Re2 g5 31.Bxh3 gxf4 32.Rae1 fxg3+ 33.Kg1 Rf2 34.Rxe4 Bxe4 35.hxg3 Rxc2
36.Rxe4 Rd1+ 37.Bf1 Bg5 38.Re5 Kh6 39.Rxc5 Rb1 40.Re5 Rxc4 41.Re6+ Kh7 42.bxc4 Rxb2
43.Bd3+ Kh8 44.Rxa6 Rd2 45.Ra8+ Kg7 46.Be4 b3 47.Rb8 b2 48.a5 Rd4 49.Bf5 Rxc4
50.Rxb2 Ra4 51.Rb5 Bd2  1/2-1/2

[Event "zt 3.3"]
[Site "Yongchuan CHN"]
[Date "2003.07.19"]
[Round "8"]
[White "Wang Zili"]
[Black "Wang Rui"]
[Result "0-1"]
[WhiteElo "2542"]
[BlackElo "2481"]

1.e4 c5 2.Nf3 e6 3.d4 cxd4 4.Nxd4 a6 5.Nc3 Qc7 6.Be2 Nf6 7.O-O d6 8.f4 Be7
9.Bf3 Nc6 10.Kh1 O-O 11.Nxc6 bxc6 12.Na4 a5 13.c4 Ba6 14.b3 d5 15.e5 Nd7
16.Qc2 dxc4 17.bxc4 Nb6 18.Be2 Rab8 19.Nb2 Bc5 20.Bd2 Nc8 21.Nd3 Bd4 22.Rac1 Ne7
23.Qa4 Nf5 24.Bxa5 Qe7 25.Bd2 Ra8 26.Bf3 Ra7 27.Rb1 c5 28.Be4 Bc8 29.Qb3 Bd7
30.Ne1 Qe8 31.Nf3 Bc6 32.Qb6 Bxe4 33.Qxa7 f6 34.Nxd4 cxd4 35.Rbe1 Bxg2+ 36.Kxg2 Qc6+
37.Kg1 Ra8 38.Qxa8+ Qxa8 39.exf6 Nh4 40.Re2 Nf3+ 41.Kf2 d3 42.Rxe6 Nxd2 43.Rfe1 Qf3+
44.Kg1 gxf6 45.R6e3 Qxf4 46.Kg2 Qxc4 47.Rd1 Qc2  0-1